Southville International School and Colleges
Your cart is empty.
  • Cart
  • Lists
    Public lists Eva Luna New books Lux_list list_1
    Your lists Log in to create your own lists
  • Log in to your account
  • Your cookies
  • Search history
Southville International School and Colleges
  • Advanced search
  • Recent comments
  • Most popular
  • Libraries

Log in to your account

Log in with GOOGLE


If you do not have an external account, but do have a local account, you can still log in:

  1. Home
  2. MARC view: Supporting the spirit of learning :
Normal view MARC view ISBD view

Supporting the spirit of learning : (Record no. 104669)

[ view plain ]
MARC details
000 -LEADER
fixed length control field 00542nam a2200169 a 4500
005 - DATE AND TIME OF LATEST TRANSACTION
control field 20140412111326.0
008 - FIXED-LENGTH DATA ELEMENTS--GENERAL INFORMATION
fixed length control field 110128s19uu xx 00 eng d
020 ## - INTERNATIONAL STANDARD BOOK NUMBER
International Standard Book Number 0-8039-6312-2
050 ## - LIBRARY OF CONGRESS CALL NUMBER
Classification number TR(GS 375.00973
Item number C395 1996
100 ## - MAIN ENTRY--PERSONAL NAME
Personal name Costa, Arthur - Editor
245 ## - TITLE STATEMENT
Title Supporting the spirit of learning :
Remainder of title when process is content /
Statement of responsibility, etc Arthur L. Costa.
260 ## - PUBLICATION, DISTRIBUTION, ETC. (IMPRINT)
Place of publication, distribution, etc California :
Name of publisher, distributor, etc Cornwin,
Date of publication, distribution, etc 1996.
300 ## - PHYSICAL DESCRIPTION
Extent 229p.
500 ## - GENERAL NOTE
General note Includes bibliographical references and index
650 ## - SUBJECT ADDED ENTRY--TOPICAL TERM
Topical term or geographic name as entry element Education - united states
Holdings
Withdrawn status Lost status Damaged status Home library Current library Shelving location Date acquired Source of acquisition Total Checkouts Full call number Barcode Date last seen Price effective from Koha item type
      Elizalde Library Elizalde Library Teachers Reference Section 01/28/2011     TR(GS 375.00973 C395 1996 E8435 04/12/2014 04/12/2014 Books

Supporting the spirit of learning :

APA

Costa A. . E., . (1996). Supporting the spirit of learning. California: Cornwin.

Chicago

Costa Arthur Editor, . 1996. Supporting the spirit of learning. California: Cornwin.

Harvard

Costa A. . E., . (1996). Supporting the spirit of learning. California: Cornwin.

MLA

Costa Arthur Editor, . Supporting the spirit of learning. California: Cornwin. 1996.

  • Place hold
  • Print
  • Cite
  • Add to your cart (remove)
  • Save record
    BIBTEX Dublin Core MARCXML MARC (non-Unicode/MARC-8) MARC (Unicode/UTF-8) MARC (Unicode/UTF-8, Standard) MODS (XML) RIS
  • More searches
    Search for this title in:
    Other Libraries (WorldCat) Other Databases (Google Scholar) Online Stores (Bookfinder.com) Open Library (openlibrary.org)

Exporting to Dublin Core...

SOUTHVILLE LIBRARY

Southville International School and Colleges Library

1281 Tropical Ave. Cor. Luxembourg St., BF Homes International, Las Pinas City

Tel. No. 8256374 / 252358 Loc. 117/146

Powered by Koha